Vida de Marcos de Obregón I

Salvato in:
Dettagli Bibliografici
Autore principale: Espinel
Natura: Libro
Lingua:Undetermined
Pubblicazione: Madrid, España Espasa-Calpe 1969
Soggetti:
Tags: Aggiungi Tag
Nessun Tag, puoi essere il primo ad aggiungerne!!

MARC

LEADER 00000nam a2200000Ia 4500
008 170316s9999 xx 000 0 und d
040 |a cru BVZT 
090 |a 862 E-9v v.1 
100 |a Espinel 
245 |a Vida de Marcos de Obregón I 
260 |a Madrid, España 
260 |b Espasa-Calpe 
260 |c 1969 
300 |a 288 páginas 
650 |a LITERATURA ESPAÑOLA 
999 |c 9834  |d 9834 
942 |c 15 D  |h 862 E-9v v.1  |2 z